[Event "AUT-chT2M 1920"]
[Site "Austria"]
[Date "2020.01.10"]
[Round "7.6"]
[White "Tober, Gerhard"]
[Black "Hellmayr, Alois"]
[Result "1/2-1/2"]
[WhiteElo "2197"]
[BlackElo "2242"]
[PlyCount "88"]
[EventDate "2019.10.11"]
[EventType "team-tourn"]
[EventRounds "11"]
[EventCountry "AUT"]
[SourceTitle "CBM 194 Extra"]
[Source "ChessBase"]
[SourceDate "2020.03.31"]
[SourceVersion "1"]
[SourceVersionDate "2020.03.31"]
[SourceQuality "1"]
[WhiteTeam "St Valentin"]
[BlackTeam "Sauwald"]
[WhiteTeamCountry "AUT"]
[BlackTeamCountry "AUT"]

1. e4 c5 2. c3 Nf6 3. e5 Nd5 4. Nf3 Nc6 5. Bc4 Nb6 6. Bb3 d5 7. exd6 Qxd6 8. d4 cxd4 9. cxd4 Be6 10. Na3 Bxb3 11. axb3 e6 12. 0-0 Qd5 13. Qd3 Bxa3 14. bxa3 h6 15. Bf4 0-0 16. Rfe1 Rac8 17. Rad1 Qh5 18. h3 Nd5 19. Bd2 Rfd8 20. Kh2 Nf6 21. Bf4 Rd5 22. Kg1 Rcd8 23. Qc2 a6 24. Rd2 Nxd4 25. Rxd4 Rxd4 26. Nxd4 Rxd4 27. Be5 Rd8 28. Bxf6 gxf6 29. Kh2 Qd5 30. Re3 f5 31. Rg3+ Kf8 32. Qc1 Qd2 33. Qc5+ Qd6 34. Qc4 Qd4 35. Qc7 Qd7 36. Qe5 Qd4 37. Qc7 f4 38. Rg4 Qd6 39. Qxb7 h5 40. Rg5 f3+ 41. Kg1 Qd1+ 42. Kh2 Qd6+ 43. Kg1 Qd1+ 44. Kh2 Qd6+ 1/2-1/2

[Event "AUT-chT2M 1819"]
[Site "Austria"]
[Date "2019.01.18"]
[Round "6.5"]
[White "Tober, Gerhard"]
[Black "Kuba, Guenter"]
[Result "1/2-1/2"]
[WhiteElo "2209"]
[BlackElo "2333"]
[PlyCount "72"]
[EventDate "2018.10.19"]
[EventType "team-tourn"]
[EventRounds "11"]
[EventCountry "AUT"]
[SourceTitle "CBM 189 Extra"]
[Source "ChessBase"]
[SourceDate "2019.06.03"]
[SourceVersion "1"]
[SourceVersionDate "2019.06.03"]
[SourceQuality "1"]
[WhiteTeam "St Valentin"]
[BlackTeam "Fuerstenfeld/Hartberg"]
[WhiteTeamCountry "AUT"]
[BlackTeamCountry "AUT"]

1. e4 e5 2. Nf3 Nc6 3. d4 exd4 4. Bc4 Bc5 5. c3 Nf6 6. cxd4 Bb4+ 7. Bd2 Bxd2+ 8. Nbxd2 d5 9. exd5 Nxd5 10. Qb3 Nce7 11. 0-0 0-0 12. Rfe1 c6 13. Ne5 Qb6 14. Ndf3 Qxb3 15. Bxb3 h6 16. Nd3 Rd8 17. h3 Kf8 18. Rad1 Bf5 19. Nc5 b6 20. Nd3 Bxd3 21. Rxd3 Rd6 22. Rc1 Rad8 23. g3 f6 24. Rd2 g5 25. Re2 Nc7 26. a4 h5 27. g4 hxg4 28. hxg4 Ncd5 29. Bxd5 Rxd5 30. Kg2 R8d7 31. Rh1 Ng6 32. Kg3 R5d6 33. Rc2 Re6 34. Rhc1 Ne7 35. b4 Rd5 36. Ra1 a5 1/2-1/2

[Event "AUT-chT2M 1718"]
[Site "Austria"]
[Date "2017.11.24"]
[Round "4.5"]
[White "Tober, Gerhard"]
[Black "Hiermann, Dietmar"]
[Result "1/2-1/2"]
[WhiteElo "2221"]
[BlackElo "2253"]
[PlyCount "155"]
[EventDate "2017.10.27"]
[EventType "team-tourn"]
[EventRounds "11"]
[EventCountry "AUT"]
[SourceTitle "CBM 181 Extra"]
[Source "ChessBase"]
[SourceDate "2017.12.12"]
[SourceVersion "1"]
[SourceVersionDate "2017.12.12"]
[SourceQuality "1"]
[WhiteTeam "St Valentin"]
[BlackTeam "Sauwald"]
[WhiteTeamCountry "AUT"]
[BlackTeamCountry "AUT"]

1. e4 e5 2. Nf3 Nc6 3. d4 exd4 4. Bc4 Nf6 5. e5 d5 6. Bb5 Ne4 7. Nxd4 Bd7 8. Bxc6 bxc6 9. 0-0 c5 10. Ne2 Bc6 11. c3 Be7 12. f3 Ng5 13. Be3 Ne6 14. Na3 Rb8 15. Rb1 f5 16. Nc2 a5 17. f4 0-0 18. Qe1 Qd7 19. Qf2 Bb7 20. b3 Qc6 21. Rfd1 h6 22. Rbc1 Qa6 23. Ne1 c4 24. Nd4 Nd8 25. bxc4 Qxc4 26. Nb3 a4 27. Na5 Qa6 28. Nxb7 Qxb7 29. Qc2 Qa8 30. c4 Ba3 31. Rb1 Rxb1 32. Rxb1 Ne6 33. Qd3 d4 34. Qxa3 dxe3 35. Qxe3 Qc6 36. Rc1 Rd8 37. Nf3 g5 38. fxg5 hxg5 39. Nxg5 f4 40. Qe4 Qb6+ 41. c5 Nxg5 42. cxb6 Nxe4 43. bxc7 Rc8 44. Rc4 Ng5 45. Rxf4 Rxc7 46. Rg4 Rg7 47. h4 Nf7 48. Re4 Kf8 49. e6 Nd8 50. Rxa4 Re7 51. Ra8 Ke8 52. a4 Rxe6 53. a5 Ke7 54. a6 Nf7 55. h5 Re5 56. h6 Nxh6 57. a7 Ra5 58. Rh8 Rxa7 59. Rxh6 Ra3 60. Kh2 Kf7 61. Rb6 Kg7 62. g3 Ra2+ 63. Kh3 Ra4 64. g4 Ra3+ 65. Kh4 Ra5 66. Rb7+ Kg6 67. Rb8 Kg7 68. Rb4 Rc5 69. Rf4 Ra5 70. Rf5 Rxf5 71. gxf5 Kf6 72. Kg4 Kf7 73. Kg5 Kg7 74. f6+ Kf7 75. Kf5 Kf8 76. Ke6 Ke8 77. f7+ Kf8 78. Kf6 1/2-1/2

[Event "AUT-chT 1617"]
[Site "Austria"]
[Date "2017.04.21"]
[Round "10.6"]
[White "Tober, Gerhard"]
[Black "Kuntner, Reinhard1111"]
[Result "1/2-1/2"]
[WhiteElo "2250"]
[BlackElo "2076"]
[PlyCount "99"]
[EventDate "2016.10.20"]
[EventType "team-tourn"]
[EventRounds "11"]
[EventCountry "AUT"]
[SourceTitle "CBM 177 Extra"]
[Source "ChessBase"]
[SourceDate "2017.04.27"]
[SourceVersion "1"]
[SourceVersionDate "2017.04.27"]
[SourceQuality "1"]
[WhiteTeam "St Valentin"]
[BlackTeam "Nickelsdorf Blackburne"]
[WhiteTeamCountry "AUT"]
[BlackTeamCountry "AUT"]

1. e4 c5 2. c3 d5 3. exd5 Qxd5 4. d4 Nf6 5. Nf3 cxd4 6. cxd4 e6 7. Nc3 Bb4 8. Bd3 Nc6 9. 0-0 Qd8 10. Qe2 0-0 11. Rd1 Re8 12. Bg5 Be7 13. a3 Nd5 14. Bd2 a6 15. Rac1 Bd6 16. Re1 Bd7 17. Qe4 f5 18. Qe2 h6 19. Nxd5 exd5 20. Qd1 Rxe1+ 21. Bxe1 Bf4 22. Rc2 Qb6 23. Bc3 Re8 24. Re2 Rxe2 25. Qxe2 Qc7 26. g3 Bd6 27. Nh4 Ne7 28. Qh5 Bxa3 29. Nxf5 Nxf5 30. Bxf5 Be7 31. Bc2 Qd6 32. Bb4 Qe6 33. Bxe7 Qe1+ 34. Kg2 Qxe7 35. Qxd5+ Kh8 36. Qf3 Qd6 37. d5 b5 38. h4 a5 39. Qe4 Kg8 40. h5 a4 41. Qh7+ Kf7 42. Bg6+ Kf6 43. Be4 Qe5 44. Qg6+ Ke7 45. d6+ Kf8 46. g4 Qxb2 47. Bf5 Bc6+ 48. Be4 Bd7 49. Qh7 Qb3 50. Bf3 1/2-1/2

[Event "AUT-chT2M 1516"]
[Site "Austria"]
[Date "2016.04.16"]
[Round "10.2"]
[White "Watzka, Horst"]
[Black "Tober, Gerhard"]
[Result "1/2-1/2"]
[WhiteElo "2222"]
[BlackElo "2229"]
[PlyCount "53"]
[EventDate "2015.10.02"]
[EventType "team-tourn"]
[EventRounds "11"]
[EventCountry "AUT"]
[SourceTitle "EXT 2017"]
[Source "ChessBase"]
[SourceDate "2016.10.25"]
[SourceVersion "1"]
[SourceVersionDate "2016.10.25"]
[SourceQuality "1"]
[WhiteTeam "Gleisdorf"]
[BlackTeam "St Valentin"]
[WhiteTeamCountry "AUT"]
[BlackTeamCountry "AUT"]

1. e4 c5 2. Nf3 Nc6 3. Bb5 g6 4. 0-0 Bg7 5. Re1 Nh6 6. c3 0-0 7. d3 Qb6 8. Bc4 Na5 9. Nbd2 Nxc4 10. Nxc4 Qc7 11. Ne3 b6 12. d4 cxd4 13. cxd4 Bb7 14. Nd5 Bxd5 15. exd5 Qd6 16. Bxh6 Bxh6 17. Qb3 Rac8 18. Rad1 Rc7 19. Re2 Rfc8 20. Rde1 Rc1 21. g3 Rxe1+ 22. Rxe1 Bg7 23. Kg2 Bh6 24. Kg1 Bg7 25. Kg2 Bh6 26. Kg1 Bg7 27. Kg2 1/2-1/2

[Event "AUT-chT2M 1516"]
[Site "Austria"]
[Date "2016.04.15"]
[Round "9.2"]
[White "Eder, Robert"]
[Black "Tober, Gerhard"]
[Result "0-1"]
[WhiteElo "1865"]
[BlackElo "2229"]
[PlyCount "58"]
[EventDate "2015.10.02"]
[EventType "team-tourn"]
[EventRounds "11"]
[EventCountry "AUT"]
[SourceTitle "EXT 2017"]
[Source "ChessBase"]
[SourceDate "2016.10.25"]
[SourceVersion "1"]
[SourceVersionDate "2016.10.25"]
[SourceQuality "1"]
[WhiteTeam "Villach Admira"]
[BlackTeam "St Valentin"]
[WhiteTeamCountry "AUT"]
[BlackTeamCountry "AUT"]

1. e4 c5 2. Nf3 Nc6 3. d4 cxd4 4. Nxd4 e5 5. Nb5 d6 6. N1c3 a6 7. Na3 f5 8. exf5 Bxf5 9. Bd3 Be6 10. Be4 Be7 11. Nd5 Nf6 12. Nxf6+ Bxf6 13. c4 Qd7 14. Be3 0-0 15. 0-0 Nd4 16. b3 d5 17. cxd5 Bxd5 18. Qd3 Bxe4 19. Qxe4 b5 20. Rfd1 Qc7 21. f4 Ne2+ 22. Kh1 exf4 23. Bd2 Bxa1 24. Rxa1 Rae8 25. Qd3 Qe7 26. Nc2 Qe4 27. Qxe4 Rxe4 28. Re1 Rfe8 29. Ba5 Rc8 0-1

[Event "AUT-chT2M 1415"]
[Site "Austria"]
[Date "2014.11.16"]
[Round "5.1"]
[White "Mostbauer, Maximilian"]
[Black "Tober, Gerhard"]
[Result "1/2-1/2"]
[WhiteElo "2138"]
[BlackElo "2278"]
[PlyCount "62"]
[EventDate "2014.10.03"]
[EventType "team-tourn"]
[EventRounds "11"]
[EventCountry "AUT"]
[SourceTitle "CBM 163 Extra"]
[Source "ChessBase"]
[SourceDate "2014.12.23"]
[SourceVersion "1"]
[SourceVersionDate "2014.12.23"]
[SourceQuality "1"]
[WhiteTeam "Ansfelden"]
[BlackTeam "St Valentin"]
[WhiteTeamCountry "AUT"]
[BlackTeamCountry "AUT"]

1. d4 d5 2. Nf3 e6 3. c4 Nf6 4. Nc3 b6 5. cxd5 exd5 6. Bg5 Be7 7. e3 0-0 8. Bd3 h6 9. Bh4 Bb7 10. Qc2 c5 11. 0-0 Nc6 12. a3 c4 13. Bf5 a6 14. Rad1 Nh5 15. Bg4 Bxh4 16. Bxh5 Bf6 17. e4 dxe4 18. Nxe4 g6 19. Bg4 Bg7 20. d5 Na5 21. Nc3 f5 22. Bh3 Nb3 23. g3 b5 24. Bg2 Qb6 25. Ne2 Rad8 26. Nf4 Nc5 27. Nd4 Bxd4 28. Rxd4 g5 29. Ne2 Rfe8 30. Rdd1 Nd3 31. b3 Rc8 1/2-1/2

[Event "AUT-chT2M 1314"]
[Site "Austria"]
[Date "2014.03.21"]
[Round "6.5"]
[White "Tober, Gerhard"]
[Black "Spindelboeck, Gernot"]
[Result "1-0"]
[WhiteElo "2270"]
[BlackElo "2273"]
[PlyCount "59"]
[EventDate "2013.10.04"]
[EventType "team-tourn"]
[EventRounds "11"]
[EventCountry "AUT"]
[SourceTitle "EXT 2015"]
[Source "ChessBase"]
[SourceDate "2014.11.20"]
[SourceVersion "1"]
[SourceVersionDate "2014.11.20"]
[SourceQuality "1"]
[WhiteTeam "St Valentin"]
[BlackTeam "Graz Austria"]
[WhiteTeamCountry "AUT"]
[BlackTeamCountry "AUT"]

1. e4 e6 2. d4 d5 3. Nc3 Nf6 4. Bg5 Bb4 5. exd5 Qxd5 6. Nf3 Bxc3+ 7. bxc3 Ne4 8. Bd2 Nxd2 9. Qxd2 b6 10. Bd3 Bb7 11. 0-0 Nd7 12. Rfe1 Qd6 13. Ne5 Nxe5 14. Rxe5 0-0-0 15. Qe3 Qa3 16. Bc4 Qb2 17. Rc1 h5 18. Rb5 Qa3 19. Rcb1 h4 20. h3 Rh6 21. Rg5 g6 22. Rg4 Rh5 23. Bb3 Qd6 24. c4 c5 25. c3 Rdh8 26. Rd1 Rf5 27. Bc2 Rf6 28. Qg5 Qe7 29. Rf4 e5 30. Qxf6 1-0

[Event "AUT-chT2M 1213"]
[Site "Austria"]
[Date "2013.03.23"]
[Round "7.4"]
[White "Takacs, Balazs"]
[Black "Tober, Gerhard"]
[Result "1/2-1/2"]
[WhiteElo "2348"]
[BlackElo "2272"]
[PlyCount "64"]
[EventDate "2012.10.19"]
[EventType "team-tourn"]
[EventRounds "11"]
[EventCountry "AUT"]
[SourceTitle "EXT 2014"]
[Source "ChessBase"]
[SourceDate "2013.11.20"]
[SourceVersion "1"]
[SourceVersionDate "2013.11.20"]
[SourceQuality "1"]
[WhiteTeam "Fuerstenfeld"]
[BlackTeam "St Valentin"]
[WhiteTeamCountry "AUT"]
[BlackTeamCountry "AUT"]

1. e4 d5 2. exd5 Qxd5 3. Nc3 Qa5 4. Bc4 Nf6 5. Nge2 c6 6. 0-0 Bf5 7. d3 e6 8. Nd4 Bd6 9. Nxf5 Qxf5 10. Ne4 Bc7 11. Ng3 Qg4 12. Qxg4 Nxg4 13. d4 Nd7 14. Be2 Ngf6 15. Nh5 Nxh5 16. Bxh5 Nf6 17. Bf3 0-0-0 18. c3 h6 19. Rd1 Nd5 20. c4 Nb4 21. Be4 c5 22. a3 Na6 23. Be3 f5 24. Bf3 f4 25. Bd2 Rxd4 26. Bg4 Re8 27. Bc3 Rxd1+ 28. Rxd1 Re7 29. Re1 Kd7 30. Rd1+ Kc8 31. Re1 Kd7 32. Rd1+ Kc8 1/2-1/2

[Event "AUT-chT2M 1213"]
[Site "Austria"]
[Date "2012.10.20"]
[Round "2.4"]
[White "Tober, Gerhard"]
[Black "Wegerer, Fred"]
[Result "1/2-1/2"]
[WhiteElo "2272"]
[BlackElo "2194"]
[PlyCount "136"]
[EventDate "2012.10.19"]
[EventType "team-tourn"]
[EventRounds "11"]
[EventCountry "AUT"]
[SourceTitle "EXT 2013"]
[Source "ChessBase"]
[SourceDate "2012.11.22"]
[SourceVersion "1"]
[SourceVersionDate "2012.11.22"]
[SourceQuality "1"]
[WhiteTeam "St Valentin"]
[BlackTeam "Gleisdorf"]
[WhiteTeamCountry "AUT"]
[BlackTeamCountry "AUT"]

1. e4 c6 2. c4 e5 3. Nf3 Nf6 4. Nc3 Bb4 5. d3 0-0 6. Bg5 h6 7. Bh4 Re8 8. Be2 d6 9. 0-0 Nbd7 10. Qc2 Nf8 11. Rad1 Ng6 12. Bg3 Nh5 13. Rfe1 Ngf4 14. a3 Bxc3 15. Qxc3 c5 16. Nd2 Nxe2+ 17. Rxe2 Bg4 18. f3 Nxg3 19. hxg3 Be6 20. Nf1 Qg5 21. Qd2 Qxd2 22. Rexd2 Rab8 23. a4 Kf8 24. Ne3 a6 25. Ra1 b6 26. b3 g6 27. Kf2 Re7 28. g4 Reb7 29. Rh1 Kg7 30. Ra1 Rh8 31. Rb2 a5 32. Rh1 f6 33. Rbb1 Rf7 34. Rh4 Rh7 35. Rbh1 Rf8 36. R1h3 Rfh8 37. Rh1 Kg8 38. g3 Kg7 39. R4h2 Rf8 40. Ke2 Rfh8 41. f4 g5 42. Kf3 Rd8 43. Rf2 Rd7 44. Ke2 Rd8 45. fxg5 fxg5 46. Rhf1 Rhh8 47. Rf6 Rhe8 48. Kd2 Rd7 49. R6f2 Rdd8 50. Nd5 Bxd5 51. cxd5 Re7 52. Rf6 Rb7 53. Re6 b5 54. axb5 Rxb5 55. Re7+ Kg8 56. Rff7 Rxb3 57. Rg7+ Kh8 58. Rh7+ Kg8 59. Reg7+ Kf8 60. Ra7 Kg8 61. Rxh6 Rb2+ 62. Ke3 Rf8 63. Rg6+ Kh8 64. Rxg5 Rff2 65. Rh5+ Kg8 66. Rg5+ Kh8 67. Rh5+ Kg8 68. Rg5+ Kh8 1/2-1/2

[Event "AUT-chT2M 1112"]
[Site "Austria"]
[Date "2012.04.28"]
[Round "10.5"]
[White "Toefferl, Heimo"]
[Black "Tober, Gerhard"]
[Result "0-1"]
[WhiteElo "2102"]
[BlackElo "2272"]
[PlyCount "112"]
[EventDate "2011.10.21"]
[EventType "team-tourn"]
[EventRounds "11"]
[EventCountry "AUT"]
[SourceTitle "EXT 2013"]
[Source "ChessBase"]
[SourceDate "2012.11.22"]
[SourceVersion "1"]
[SourceVersionDate "2012.11.22"]
[SourceQuality "1"]
[WhiteTeam "Wolfsberg"]
[BlackTeam "St Valentin"]
[WhiteTeamCountry "AUT"]
[BlackTeamCountry "AUT"]

1. d4 d5 2. c4 e6 3. Nc3 Nf6 4. cxd5 exd5 5. Bg5 c6 6. e3 Be7 7. Bd3 0-0 8. Qc2 Nbd7 9. Nge2 Re8 10. 0-0 Nf8 11. f3 Be6 12. Kh1 N6d7 13. Bxe7 Rxe7 14. e4 dxe4 15. fxe4 c5 16. d5 Ne5 17. Ng3 Bd7 18. Bb5 Bc8 19. Be2 a6 20. a4 b6 21. Rf2 Qd6 22. Raf1 Bd7 23. Nd1 Qh6 24. Qc3 b5 25. Qxc5 Ree8 26. Ne3 g6 27. axb5 Bxb5 28. Bxb5 axb5 29. Qd4 Nfd7 30. d6 Ra4 31. Qd2 Ra6 32. Rf4 Re6 33. Qe2 Raxd6 34. Qxb5 Rb6 35. Qe2 Rb3 36. Kg1 Rxe3 37. Qf2 f6 38. h3 Rb3 39. Nh1 Qf8 40. Qc2 Qc5+ 41. Qxc5 Nxc5 42. Rxf6 Rxf6 43. Rxf6 Rxb2 44. Ng3 Rb3 45. Nf1 Nxe4 46. Re6 Rb5 47. Ne3 h5 48. g4 Kf7 49. Ra6 Rb2 50. Ra7+ Kg8 51. Ra8+ Kg7 52. Kf1 Nf3 53. Ra7+ Kf8 54. Ra8+ Kf7 55. Ra7+ Ke8 56. Ra8+ Kd7 0-1

[Event "AUT-chT2M 0910"]
[Site "Austria"]
[Date "2010.01.30"]
[Round "5.5"]
[White "Tober, Gerhard"]
[Black "Frank, Dieter"]
[Result "1-0"]
[WhiteElo "2296"]
[BlackElo "2144"]
[PlyCount "87"]
[EventDate "2009.10.10"]
[EventType "team-tourn"]
[EventRounds "11"]
[EventCountry "AUT"]
[SourceTitle "EXT 2011"]
[Source "ChessBase"]
[SourceDate "2010.11.26"]
[SourceVersion "1"]
[SourceVersionDate "2010.11.26"]
[SourceQuality "1"]
[WhiteTeam "St Valentin"]
[BlackTeam "Villach Admira"]
[WhiteTeamCountry "AUT"]
[BlackTeamCountry "AUT"]

1. e4 e5 2. Nf3 Nc6 3. d4 exd4 4. Bc4 Bc5 5. 0-0 Nf6 6. e5 d5 7. exf6 dxc4 8. fxg7 Rg8 9. Bg5 Qd6 10. Nbd2 Qg6 11. Re1+ Be6 12. Ne4 Be7 13. Bxe7 Nxe7 14. Qxd4 Rxg7 15. g3 Nc6 16. Nf6+ Kf8 17. Qc5+ Ne7 18. Nd5 Re8 19. Nxe7 Rxe7 20. Rad1 Ke8 21. Qd4 Kf8 22. Qc5 Ke8 23. Qxa7 f6 24. Qb8+ Kf7 25. Nd4 Rg8 26. Qa7 Rd8 27. Nxe6 Rxe6 28. Qxb7 Rxe1+ 29. Rxe1 Rd7 30. Qc6 Qg4 31. Re4 Qh3 32. Qxc4+ Kf8 33. Re1 Qf5 34. Qe4 Qh3 35. a4 Qh5 36. Qe2 Qd5 37. a5 Kg7 38. a6 Qa5 39. Qg4+ Kh6 40. b4 Qd5 41. a7 Rd8 42. Re7 Qd1+ 43. Qxd1 Rxd1+ 44. Kg2 1-0

[Event "AUT-chT2M 0809"]
[Site "Austria"]
[Date "2009.03.07"]
[Round "7.3"]
[White "Tober, Gerhard"]
[Black "Jeric, Simon"]
[Result "0-1"]
[WhiteElo "2318"]
[BlackElo "2279"]
[PlyCount "70"]
[EventDate "2008.10.11"]
[EventType "team-tourn"]
[EventRounds "11"]
[EventCountry "AUT"]
[SourceTitle "EXT 2010"]
[Source "ChessBase"]
[SourceDate "2010.11.25"]
[SourceVersion "1"]
[SourceVersionDate "2010.11.25"]
[SourceQuality "1"]
[WhiteTeam "St Valentin"]
[BlackTeam "Raika Feffernitz"]
[WhiteTeamCountry "AUT"]
[BlackTeamCountry "AUT"]

1. d4 d5 2. c4 c6 3. e3 Nf6 4. Nc3 Bg4 5. Be2 Bxe2 6. Qxe2 dxc4 7. Qxc4 b5 8. Qd3 Nbd7 9. Nf3 e6 10. 0-0 Be7 11. Rd1 0-0 12. e4 b4 13. Ne2 Qa5 14. Bg5 h6 15. Bh4 Rfd8 16. e5 Nd5 17. Bxe7 Nxe7 18. Nf4 c5 19. d5 Nxd5 20. Nxd5 exd5 21. Qxd5 Nf8 22. Qc4 Ne6 23. g3 Qc7 24. b3 Qc6 25. Qe2 a5 26. Rac1 a4 27. Rxd8+ Rxd8 28. Rd1 Rxd1+ 29. Qxd1 axb3 30. axb3 c4 31. Nd2 c3 32. Nc4 Qe4 33. Ne3 Nd4 34. e6 fxe6 35. h4 c2 0-1

[Event "AUT-chT2M 0809"]
[Site "Austria"]
[Date "2009.01.31"]
[Round "5.3"]
[White "Tober, Gerhard"]
[Black "Jovanovic, Zoran"]
[Result "0-1"]
[WhiteElo "2318"]
[BlackElo "2558"]
[PlyCount "86"]
[EventDate "2008.10.11"]
[EventType "team-tourn"]
[EventRounds "11"]
[EventCountry "AUT"]
[SourceTitle "EXT 2010"]
[Source "ChessBase"]
[SourceDate "2010.11.25"]
[SourceVersion "1"]
[SourceVersionDate "2010.11.25"]
[SourceQuality "1"]
[WhiteTeam "St Valentin"]
[BlackTeam "Wolfsberg"]
[WhiteTeamCountry "AUT"]
[BlackTeamCountry "AUT"]

1. e4 d6 2. d4 Nf6 3. Nc3 e5 4. Nge2 Be7 5. g3 c6 6. Bg2 b5 7. a3 a5 8. h3 h5 9. Be3 Nbd7 10. Nb1 Bb7 11. Nd2 0-0 12. 0-0 Re8 13. c3 Bf8 14. Qc2 g6 15. Bg5 Qb6 16. Be3 Qc7 17. f4 Bg7 18. dxe5 dxe5 19. f5 c5 20. Rf2 c4 21. Raf1 Qd6 22. Rd1 Qc6 23. fxg6 fxg6 24. b3 Ba6 25. bxc4 bxc4 26. Rb1 Rab8 27. Rff1 Qd6 28. Qa2 Qd3 29. Rf3 Rxb1+ 30. Qxb1 Qxb1+ 31. Nxb1 Rb8 32. Rf1 Bf8 33. Nd2 Rb2 34. Ra1 Bc5 35. Bxc5 Rxd2 36. Be7 Rxe2 37. Rd1 Kf7 38. Bd8 Re3 39. Bxa5 Rxg3 40. Kf2 Rd3 41. Rb1 Rd2+ 42. Kg1 Ke6 43. Bb4 g5 0-1

[Event "AUT-chT2M 0607"]
[Site "Austria"]
[Date "2007.03.31"]
[Round "10.4"]
[White "Tober, Gerhard"]
[Black "Krebs, Johann"]
[Result "1/2-1/2"]
[WhiteElo "2329"]
[BlackElo "2276"]
[PlyCount "90"]
[EventDate "2006.10.28"]
[EventType "team-tourn"]
[EventRounds "11"]
[EventCountry "AUT"]
[SourceTitle "EXT 2007"]
[Source "ChessBase"]
[SourceDate "2006.11.23"]
[SourceVersion "1"]
[SourceVersionDate "2006.11.23"]
[SourceQuality "1"]
[WhiteTeam "St Valentin"]
[BlackTeam "Graz Strassenbahn"]
[WhiteTeamCountry "AUT"]
[BlackTeamCountry "AUT"]

1. e4 c5 2. c3 Nf6 3. e5 Nd5 4. d4 cxd4 5. Nf3 Nc6 6. cxd4 d6 7. Bc4 Nb6 8. Bb5 dxe5 9. Nxe5 Bd7 10. Nc3 Nxe5 11. dxe5 Bxb5 12. Nxb5 Qxd1+ 13. Kxd1 Nd5 14. Ke2 a6 15. Rd1 0-0-0 16. Na3 e6 17. Nc4 Be7 18. Bd2 b6 19. Rac1 Kb7 20. a3 Rd7 21. g3 Rc7 22. Ne3 Rd8 23. Rxc7+ Kxc7 24. Rc1+ Kb7 25. f4 b5 26. Ba5 Rc8 27. Rxc8 Kxc8 28. Nxd5 exd5 29. Bb4 Bd8 30. Bc5 Kd7 31. f5 Kc6 32. Bd4 Be7 33. Kf3 g6 34. g4 a5 35. h3 a4 36. Kf4 Kd7 37. g5 b4 38. axb4 Bxb4 39. Kg4 Be1 40. Bc5 Bd2 41. h4 Bc1 42. Bd4 Ke8 43. h5 Kf8 44. Bc5+ Kg8 45. Bd4 Kf8 1/2-1/2

[Event "AUT-chT2M 0607"]
[Site "Austria"]
[Date "2007.01.28"]
[Round "7.3"]
[White "Hiermann, Dietmar"]
[Black "Tober, Gerhard"]
[Result "1-0"]
[WhiteElo "2260"]
[BlackElo "2329"]
[PlyCount "69"]
[EventDate "2006.10.28"]
[EventType "team-tourn"]
[EventRounds "11"]
[EventCountry "AUT"]
[SourceTitle "EXT 2007"]
[Source "ChessBase"]
[SourceDate "2006.11.23"]
[SourceVersion "1"]
[SourceVersionDate "2006.11.23"]
[SourceQuality "1"]
[WhiteTeam "Sauwald"]
[BlackTeam "St Valentin"]
[WhiteTeamCountry "AUT"]
[BlackTeamCountry "AUT"]

1. e4 g6 2. d4 Bg7 3. Nc3 c6 4. Nf3 b5 5. a3 d6 6. h3 Bb7 7. Bd3 Nf6 8. Bg5 h6 9. Be3 Nfd7 10. 0-0 0-0 11. Qd2 Kh7 12. Nh2 e5 13. Be2 a6 14. Rad1 Qe7 15. b4 f5 16. exf5 gxf5 17. Rfe1 Qf7 18. dxe5 dxe5 19. Bd3 e4 20. Nxe4 fxe4 21. Bxe4+ Kh8 22. Bxh6 Nf6 23. Qg5 Nxe4 24. Rxe4 Bf6 25. Qe3 Rg8 26. Ng4 c5 27. Rf4 Nd7 28. bxc5 Rae8 29. Qd3 Ne5 30. Qf5 Rg6 31. Nxe5 Rxe5 32. Qxe5 Rxh6 33. Rxf6 Rxf6 34. c6 Bxc6 35. Rd6 1-0

[Event "AUT-chT2M 0607"]
[Site "Austria"]
[Date "2007.01.27"]
[Round "6.3"]
[White "Tober, Gerhard"]
[Black "Stuhlik, Marko"]
[Result "1/2-1/2"]
[WhiteElo "2329"]
[BlackElo "2229"]
[PlyCount "39"]
[EventDate "2006.10.28"]
[EventType "team-tourn"]
[EventRounds "11"]
[EventCountry "AUT"]
[SourceTitle "EXT 2007"]
[Source "ChessBase"]
[SourceDate "2006.11.23"]
[SourceVersion "1"]
[SourceVersionDate "2006.11.23"]
[SourceQuality "1"]
[WhiteTeam "St Valentin"]
[BlackTeam "Trofaiach Niklasdorf"]
[WhiteTeamCountry "AUT"]
[BlackTeamCountry "AUT"]

1. e4 g6 2. d4 Bg7 3. Nc3 c6 4. a4 d6 5. g3 Nf6 6. Bg2 a5 7. Nge2 0-0 8. h3 e5 9. Be3 Na6 10. dxe5 dxe5 11. Qxd8 Rxd8 12. Bb6 Re8 13. Bxa5 Nd7 14. Nd1 Nac5 15. Bd2 Rxa4 16. Rxa4 Nxa4 17. 0-0 b5 18. b3 Nac5 19. Nb2 Bb7 20. Ra1 1/2-1/2

[Event "AUT-chT2M 0506"]
[Site "Austria"]
[Date "2005.11.05"]
[Round "3.4"]
[White "Tober, Gerhard"]
[Black "Sandhu, Mario"]
[Result "1/2-1/2"]
[WhiteElo "2277"]
[BlackElo "2264"]
[PlyCount "25"]
[EventDate "2005.10.08"]
[EventType "team"]
[EventRounds "11"]
[EventCountry "AUT"]
[SourceTitle "EXT 2006"]
[Source "ChessBase"]
[SourceDate "2005.11.24"]
[SourceVersion "1"]
[SourceVersionDate "2005.11.24"]
[SourceQuality "1"]
[WhiteTeam "St Valentin"]
[BlackTeam "Gleisdorf"]
[WhiteTeamCountry "AUT"]
[BlackTeamCountry "AUT"]

1. e4 c6 2. d4 d5 3. exd5 cxd5 4. Bd3 Nc6 5. c3 Nf6 6. Bf4 g6 7. Nf3 Nh5 8. Bc1 Bg7 9. 0-0 0-0 10. Re1 Qd6 11. g3 Bg4 12. Be2 Rac8 13. Ne5 1/2-1/2